Manufacturing Technology - I / (Record no. 1426)

000 -LEADER
fixed length control field 00703nam a2200253 a 4500
007 - PHYSICAL DESCRIPTION FIXED FIELD--GENERAL INFORMATION
fixed length control field ta
008 - FIXED-LENGTH DATA ELEMENTS--GENERAL INFORMATION
fixed length control field 200101r20062009ii a|||g |||| 001 0 eng d
020 ## - INTERNATIONAL STANDARD BOOK NUMBER
International Standard Book Number 9788131806791
Terms of availability Rs. 175.00
040 ## - CATALOGING SOURCE
Original cataloging agency IMU Kochi Library
Language of cataloging eng
041 0# - LANGUAGE CODE
Language code of text/sound track or separate title eng
044 ## - COUNTRY OF PUBLISHING/PRODUCING ENTITY CODE
MARC country code India
082 04 - DEWEY DECIMAL CLASSIFICATION NUMBER
Edition number 23
Classification number 670
Item number El13
100 1# - MAIN ENTRY--PERSONAL NAME
Personal name Elanchezhian, C.
245 10 - TITLE STATEMENT
Title Manufacturing Technology - I /
250 ## - EDITION STATEMENT
Edition statement 2nd ed.
260 ## - PUBLICATION, DISTRIBUTION, ETC. (IMPRINT)
Place of publication, distribution, etc New Delhi :
Name of publisher, distributor, etc University Science Press,
Date of publication, distribution, etc 2006, reprinted 2009.
300 ## - PHYSICAL DESCRIPTION
Extent 274 p. :
Other physical details ill. ;
Dimensions 24 cm
504 ## - BIBLIOGRAPHY, ETC. NOTE
Bibliography, etc Includes Index.
650 #0 - SUBJECT ADDED ENTRY--TOPICAL TERM
Topical term or geographic name as entry element Manufacturing processes
Form subdivision Textbooks
700 ## - ADDED ENTRY--PERSONAL NAME
Personal name Ramnath, B. Vijaya
Relator term Joint Author
852 ## - LOCATION/CALL NUMBER
Location IMU Kochi Library
904 ## - LOCAL DATA ELEMENT D, LDD (RLIN)
CATALOGER Akhil Bose
942 ## - ADDED ENTRY ELEMENTS (KOHA)
Item type Books
Holdings
Withdrawn status Lost status Source of classification or shelving scheme Damaged status Not for loan Collection code Permanent location Current location Shelving location Date acquired Source of acquisition Cost, normal purchase price Full call number Barcode Date last seen Koha item type Public note
          Engineering IMU Kochi Library IMU Kochi Library General Stacks 2013-10-29 M/s Current Books (Inv. No.925 dt. 2013-12-02) 175.00 670 El13 BK000966 2020-01-01 Books Gen. Shelf-45, Row-3


Copyright © All Rights Reserved by Indian Maritime University, Kochi Campus.
For any Suggestions/Query Contact to library or Email: library.kochi@imu.ac.in Ph:(0484)-2989402
(Web OPAC Designed by Rudra Ranjan. Maintained by IMU Kochi Library)

Powered by Koha